| 000 | 01479nam a2200349 c 4500 | ||
|---|---|---|---|
| 003 | BLK | ||
| 005 | 20180420230529.0 | ||
| 008 | 180409b bul|||||r ||||||| ||bul|| | ||
| 010 | _aKNG00113378000 | ||
| 020 |
_a954-516-405-0 _bиздат.: Летера - на том(ч. 4) |
||
| 040 | _aBLK | ||
| 041 |
_aBUL _cBUL |
||
| 080 |
_aМатематика _b51 _x(076)(075.3) _z51(076)(075.3) |
||
| 700 | 1 |
_aПортев, Любен Борисов _eавт. на том _9112631 |
|
| 139 |
_aМатематика _bМ 39 |
||
| 245 | 1 | 0 |
_aМатематика _bУч. помагало за държ. зрелостен и кандидатстудентски изпит : В 4 ч. _cавт. на том Любен Борисов Портев. _nЧ. 4 _p20 примерни теми за матура с решения |
| 257 | _aBGR | ||
| 260 |
_аПловдив _c2003 - _fВ. Търново : Абагар |
||
| 300 | _c24 см | ||
| 380 | _a5 | ||
| 650 | 4 |
_aМатематика - задачи - учебници за средни училища _9248831 |
|
| 653 | _aматематика | ||
| 653 | _aзадачи | ||
| 653 | _aучебни помагала | ||
| 653 | _aматури | ||
| 760 | 1 |
_3- на том(ч. 4) _dЛетера, 2003 _h93 с. : с ил. _tЧ. 4 20 примерни теми за матура с решения |
|
| 852 | _aЦб 219779 | ||
| 856 | 4 |
_qpdf _u |
|
| 856 | 4 |
_qpdf _u |
|
| 942 |
_cKNG _n0 |
||
| 944 |
_aCR _c03.06.2004 _kКети_Илиева |
||
| 944 |
_aED _c17.09.2011 _k |
||
| 999 |
_c108080 _d108080 |
||